000 00660nam a2200253Ia 4500
003 OSt
005 20220918203425.0
006 a|||||r|||| 00| 0
007 ta
008 220917b |||||||| |||| 00| 0 eng d
024 _a108,204
037 _cTextual
040 _aARTS
_cARTS
_beng
041 _2eng
_aeng
082 _aV44Q7uN4, L0
100 _aIkram S M
_941793
245 0 _aModern Muslim India and the birth of Pakistan 1858-1951
250 _a2nd
260 _aLahore
_bI I culture
_c1970
300 _axvi, 535p.
_ccm.
650 _aHISTORY
942 _hV44Q7uN4, L0
_cTEXL
_2CC
999 _c231558
_d231558